• 首页
  • 本馆介绍
  • 公告通知
  • 最新文献
  • 馆藏检索
  • 电子资源
  • 读者导购
  • 参考咨询
  • 我的图书馆
  • 登录
  • 详细信息显示
  • 放入我的书架
  • 预约/预借图书
  • 作者相关作品
  • 分类相关作品
  • 丛书相关作品
  • 出版社相关作品

书目信息

  • 表格格式
  • 工作单格式
  • 卡片格式
题名:
银行保险
    
 
作者: 张洪涛 , 苗力 主编
分册:  
出版信息: 北京   中国人民大学出版社  2005
页数: 252
开本: 23cm
丛书名: 21世纪保险系列教材
单 册:
中图分类: F830.3
科图分类:
主题词: 金融 , 银行
电子资源:
ISBN: 7-300-06409-4
000 00658nam0 2200229 450
001 0753815641
005 20070930145655.64
010    @a7-300-06409-4@d¥20.00
100    @a20070930d km y0chiy0120 ea
101 0  @achi
200 1  @a银行保险@Ayin hang bao xian@f张洪涛,苗力主编@Fzhang hong tao,miao li zhu bian
210    @a北京@c中国人民大学出版社@d2005
215    @a252@d23cm
225 2  @a21世纪保险系列教材
410  0 @12001 @a21世纪保险系列教材
606 0  @a金融
606 0  @a银行
690    @aF830.3@v3
701  0 @a张洪涛@Azhang hong tao@4主编
701  0 @a苗力@Amiao li@4主编
801  0 @aCN@bPFT@c20070930
905    @a213230@dF830.3@eg100@f1
    
    银行保险/张洪涛,苗力主编.-北京:中国人民大学出版社,2005
    252;23cm.-(21世纪保险系列教材)
    
    
    ISBN 7-300-06409-4:¥20.00
    
●
相关链接 在E读中查询图书 在五车中查询图书 在当当中查询图书 在豆瓣中查询图书


正题名:银行保险     索取号:F830.3/g100         预约/预借

序号 登录号 条形码 馆藏地/架位号 状态 备注
1 6504196   265041965   密集书库-海洋学院/ [索取号:F830.3/g100] 在馆    
唐山师范学院图书馆 欢迎您!
大连网信软件有限公司© 版权所有